|
|
|
|
| LEADER |
00925nam a2200241 a 4500 |
| 001 |
3597751 |
| 008 |
090709s1969 nyua e 000 0 eng d |
| 010 |
|
|
|a 69011830
|
| 020 |
|
|
|a 0486420647
|
| 040 |
|
|
|a DLC
|c DLC
|d DLC
|
| 082 |
0 |
0 |
|a 809.2
|2 17
|
| 245 |
1 |
4 |
|a The reader's encyclopedia of world drama,
|c edited by John Gassner & Edward Quinn.
|
| 260 |
|
|
|a New York,
|b Crowell, ;
|b Dover publications,
|c c1969
|
| 300 |
|
|
|a xi, 1030 p.
|b illus.
|c 26 cm.
|
| 490 |
0 |
|
|a A Crowell reference book
|
| 504 |
|
|
|a Includes Bibliographical References.
|
| 541 |
1 |
|
|e 00016590
|
| 650 |
|
0 |
|a Drama
|x Encyclopedias.
|
| 700 |
1 |
|
|a Gassner, John,
|d 1903-1967.
|
| 700 |
1 |
|
|a Quinn, Edward,
|d 1932-
|e joint author.
|
| 852 |
4 |
|
|a Ayesha Abed Library
|j General shelf
|
| 999 |
|
|
|c 2260
|d 2260
|
| 952 |
|
|
|0 0
|1 4
|2 ddc
|4 0
|6 809_200000000000000_REA
|7 0
|9 2084
|a BRACUL
|b BRACUL
|c GEN
|d 2009-07-12
|l 0
|o 809.2 REA
|p 3010016590
|r 2009-07-12
|t 1
|w 2009-07-12
|y BK
|x Koha Inventory 2020
|